| 000 | 00000nam 2200000zi 4500 |
| 001 | 9.943183 |
| 003 | CaOODSP |
| 005 | 20241104132125 |
| 006 | m o d f |
| 007 | cr |n||||||||| |
| 008 | 240913t19941994qucd o f000 0 fre d |
| 020 | |z066261545X |
| 040 | |aCaOODSP|bfre|erda|cCaOODSP |
| 043 | |an-cn--- |
| 086 | 1 |aMP90-2/12-1995F-PDF|zMP90-2/12-1995 |
| 245 | 02|al'apport du gouvernement fédéral à l'enseignement postsecondaire : |bun document d'information. |
| 264 | 1|a[Hull, Québec] : |bGouvernement du Canada = Government of Canada, |c[1994] |
| 264 | 4|c©1994 |
| 300 | |a1 ressource en ligne (64 pages) : |bgraphiques |
| 336 | |atexte|btxt|2rdacontent/fre |
| 337 | |ainformatique|bc|2rdamedia/fre |
| 338 | |aressource en ligne|bcr|2rdacarrier/fre |
| 500 | |aPublié aussi en anglais sous le titre : Federal support to post-secondary education : a supplementary paper. |
| 500 | |aÉdition numérisée de l'imprimée [par Direction des publications du gouvernement du Canada]. |
| 500 | |a«La sécurité sociale dans le Canada de demain» -- en tête du titre. |
| 500 | |a«Publication autorisée par le ministre du Développement des ressources humaines.» |
| 500 | |a«SC-095-01-95.» |
| 650 | 6|aAide de l'État à l'enseignement supérieur|zCanada. |
| 650 | 6|aEnseignement supérieur|xPolitique gouvernementale|zCanada. |
| 650 | 6|aEnseignement supérieur|zCanada. |
| 710 | 1 |aCanada.|bDéveloppement des ressources humaines Canada, |eorganisme de publication. |
| 775 | 08|tFederal support to post-secondary education : |w(CaOODSP)9.943184 |
| 776 | 0#|tL'apport du gouvernement fédéral à l'enseignement postsecondaire : |w(CaOODSP)9.657248 |
| 856 | 40|qPDF|s44929 Ko|uhttps://publications.gc.ca/collections/collection_2024/edsc-esdc/MP90-2-12-1995-fra.pdf |